| 000 | 00471nam a2200145 4500 | ||
|---|---|---|---|
| 001 | 109988 | ||
| 003 | ES-MaACL | ||
| 007 | t| | ||
| 008 | 061121s1929 sp r ||||1| spa d | ||
| 100 | 1 |
_aOppelt García, José. _987128 |
|
| 245 | 1 | 0 |
_aMemoria elevada al Gobierno de S. M. en la solemne apertura de los Tribunales el día 16 de septiembre de 1929 / _cJosé Oppelt García. |
| 260 |
_aMadrid : _bReus, _c1929. |
||
| 300 |
_a176 p. ; _c23 cm. |
||
| 852 |
_aES-MaACL _jB-532 |
||
| 999 |
_c109988 _d109988 |
||